01318pam a2200337 a 4500001001000000003000300010005001700013007000300030008004100033020002500074082002700099245006700126250004300193260004300236300003800279500005600317504005100373650003500424650004900459650006200508650005100570650003500621650002200656650003200678650003000710653002700740700002700767942001200794999001700806952015700823016029183Uk20130206143356.0ta110617s2012 enka b 001|0 eng d a9780853699613 (pbk.)04a616.075024615222bMIN00aMinor Illness or Major Disease? /cBrian Addison ... [et al.]. a5th ed. /bBrian Addison ... [et al.]. aLondon :bPharmaceutical Press,c2012. avi, 233 p. :bcol. ill. ;c25 cm. aPrevious ed. by Clive Edwards, Paul Stillman. 2006. aIncludes bibliographical references and index. 0aPharmacist and patient.930128 0aPharmacist and patientvCase Studies.932460 0aDrugs, NonprescriptionxUtilizationvCase studies.932461 0aPharmaceutical serviceszGreat Britain.932462 0aMedical history taking.932463 0aDiagnosis.932464 0aMedical cooperation.932465 0aSelf-care, Health.932466 bPharmacycFebruary20131 aAddison, Brian.932467 2ddccBB c17249d17221 00102ddc40708ScientificaMAINbMAINc1STd2013-02-06epurchaseg490.00h139l1m7o616.075024615 MINp000028019r2025-07-15 00:00:00s2016-02-14yBB